Detalles MARC
| 000 -LIDER |
| fixed length control field |
00992nam a2200265 a 4500 |
| 001 - NÚMERO DE CONTROL |
| Identificador de número de control |
000008694 |
| 003 - IDENTIFICACDOR DE NÚMERO DE CONTROL |
| control field |
DO-SdBNP |
| 005 - DATE AND TIME OF LATEST TRANSACTION |
| control field |
20220923125353.0 |
| 008 - ELEMENTOS DE LONGITUD FIJA |
| fixed length control field |
090918s1984 dr 000 0 spa d |
| 040 ## - FUENTE DE CATALOGACIÓN |
| Agencia que crea de manera original el registro |
DO-SdBNP |
| Idioma de catalogación |
spa |
| Agencia que realiza la transcripción |
BPMSU |
| 082 ## - NÚMERO DE CLASIFICACIÓN DECIMAL DE DEWEY |
| Classification number |
928.61 |
| Item number |
H519V 1984 |
| Edition number |
22 |
| 100 1# - ASIENTO PRINCIPAL -- NOMBRE PERSONAL |
| Nombre personal |
Vargas, José Rafael |
| Fechas asociadas con el nombre |
1956- |
| 245 13 - MENCIÓN DE TITULO |
| Título |
La integridad humanística de Pedro Henríquez Ureña : |
| Subtítulo |
antología / |
| Mención de responsabilidad |
José Rafael Vargas; prólogo Juan Daniel Balcácer. |
| 260 ## - PUBLICACIÓN, DISTRIBUCIÓN, ETC. (PIE DE IMPRENTA) |
| Lugar de publicación, distribución, etc |
Santo Domingo : |
| Nombre del editor, distribuidor, etc. |
UASD, |
| Fecha de publicación, distribución, etc |
1984. |
| 300 ## - DESCRIPCIÓN FÍSICA |
| Extensión |
371 p. ; |
| Dimensiones |
21 cm. |
| 500 ## - NOTA GENERAL |
| Nota general |
Incluye datos biográficos del autor en la contracubierta |
| 500 ## - NOTA GENERAL |
| Nota general |
Incluye notas al pie de las páginas |
| 504 ## - NOTA DE BIBLIOGRAFÍA, ETC. |
| Bibliography, etc |
Incluye referencias bibliográficas (345-370 p.) |
| 600 14 - ENCABEZAMIENTO DE MATERIA--NOMBRE PERSONAL |
| Nombre personal |
Henríquez Ureña, Pedro, |
| Fechas asociadas con el nombre |
1884-1946 |
| 650 #4 - ENCABEZAMIENTO DE MATERIA--TEMÁTICO |
| Término temático o nombre geográfico como elemento de entrada |
Autores dominicanos |
| Subdivisión cronológica |
Siglo XX |
| Subdivisión temática general |
Biografías |
| 650 #4 - ENCABEZAMIENTO DE MATERIA--TEMÁTICO |
| Término temático o nombre geográfico como elemento de entrada |
Intelectuales |
| Subdivisión geográfica |
República Dominicana |
| Subdivisión temática general |
Biografías |
| 700 1# - ASIENTO SECUNDARIO -- NOMBRE PERSONAL |
| Nombre personal |
Balcácer, Juan Daniel |
| Mención de responsabilidad |
pról. |
| 910 ## - VALIDACIÓN |
| Validación |
VMateo V./Validado |
| 942 ## - ADDED ENTRY ELEMENTS (KOHA) |
| Source of classification or shelving scheme |
Dewey Decimal Classification |
| Koha item type |
Libros |